Word Ladder: Mean Girls Quiz Stats

 Plays Quiz Updated Dec 2, 2016

Support Sporcle.
Go Orange.
Score 0/35 Timer 04:00
0 Plays Today
Hint 4-Letter Word % Correct
Number in a quartet🎅🏽 FOUR 🎅🏽
98.1%
'As ___ on TV'SEEN
91.9%
Where a cake is bakedOVEN
90.4%
Dismiss an employeeFIRE
90.1%
Out of bounds, in sportsFOUL
88.7%
'Wedding Crashers' actor ___ WilsonOWEN
87.8%
Italy's shapeBOOT
87.5%
Secure with a keyLOCK
87.3%
Ivy League universityYALE
86.8%
Adhesive substanceGLUE
86.7%
FOX series with high school singersGLEE
86.6%
5,280 feetMILE
86.5%
Restaurants and Instagram are full of thisFOOD
86%
Dictionary entryWORD
85.7%
'Frozen' reindeerSVEN
85.6%
Golfer's cry🎅🏽 FORE 🎅🏽
85.5%
See with your eyesLOOK
85.3%
Literary workBOOK
85.1%
Hint 4-Letter Word % Correct
Furniture materialWOOD
85%
Southern greeting for a groupY'ALL
84.6%
Loud cryYELL
83.8%
Stubborn animalMULE
83.4%
Meryl Streep did this with Prada?WORE
83.4%
Crazy, in MexicoLOCO
83.4%
Exchange an item for moneySELL
82.6%
Christmas🎅🏽 YULE 🎅🏽
81.5%
Stacy, Stefani, or Ifill, e.g.GWEN
81.2%
Swampy groundMIRE
81%
Designer Chanel🎅🏽 COCO 🎅🏽
80.3%
Comedic Shakespeare characterFOOL
79%
Hidden valley🎅🏽 GLEN 🎅🏽
78.5%
Close a hawk's eyesSEEL
74.9%
Excess supply, especially with foodGLUT
72.9%
A boxing matchBOUT
72%
Joint pain from a foot ailmentGOUT
71.2%

Today's Daily Dose

Quick Pick
'P' Beverages

Get the Picture
Fictional Counts

You're not logged in!

Compare scores with friends on all Sporcle quizzes.
OR
Log In

From the Vault

Premier League Winners (Redux)

by guilherme_4

As these teams know, the second win is always sweeter than the first.
Remove Ads.
Support Sporcle.
Get the best of Sporcle when you Go Orange. This ad-free experience offers more features, more stats, and more fun while also helping to support Sporcle. Thank you for becoming a member.

Show Comments

Extras

Top Quizzes Today


Score Distribution

Your Account Isn't Verified!

In order to create a playlist on Sporcle, you need to verify the email address you used during registration. Go to your Sporcle Settings to finish the process.

Report this User

Report this user for behavior that violates our Community Guidelines.

Details: